| Registos Bibliográficos associados ao registo de autoridade |
|
Etiqueta de registo: 00254nam 2200025 450 001 2284579 003 http://id.bnportugal.gov.pt/bib/catbnp/2284579 100 ## $a20260416d2026 k y0pory01030103ba 101 0# $apor$ceng 102 ## $aPT 105 ## $aa m 000yy 106 ## $ar 200 1# $aEfeitos ecotoxicológicos em organismos aquiáticos pertencentes a três níveis tróficos
(poliquetas, bivalves e peixes) resultantes da exposição crónica e nanopartículas
de níquel em concentrações ambientalmente realistas com recurso a biomarcadores de
stress oxidativo$fEduardo Henrique Bastos Motta$gorient. José Manuel Neves, Alberto Teodorico Correia 210 #9 $a[S.l.$cs.n.],$d2026 215 ## $a[6], IX, 70 p.$cil.$d30 cm 328 ## $aTese dout. Ecologia e Saúde Ambiental, Universidade Fernando Pessoa, 2026 700 #1 $aMotta,$bEduardo Henrique Bastos$31995996 702 #1 $aNeves,$bJosé Manuel$4727$31831225 702 #1 $aCorreia,$bAlberto Teodorico,$f1972-$4727$31219185 801 #0 $aPT$bBN$gRPC 966 ## $lBN$mFGMON$x1 971 ## $cisantos$d20260416
|
|
|